Zvyšovanie zvislej sily na kolesách vplyvom aerodynamiky vozidla
Gespeichert in:
| 1. Verfasser: | |
|---|---|
| Weitere Verfasser: | |
| Format: | Manuskript Buch |
| Sprache: | Slowakisch |
| Veröffentlicht: |
Bratislava :
STU v Bratislave SjF,
2013
|
| Schlagworte: | |
| Online-Zugang: | VAIS |
| Tags: |
Keine Tags, Fügen Sie das erste Tag hinzu!
|
MARC
| LEADER | 00000ntm a22000003a 4500 | ||
|---|---|---|---|
| 001 | stu287193 | ||
| 005 | 20160607093308.0 | ||
| 008 | 140326s2013----xo------------------slo-d | ||
| 040 | |a STU |b slo | ||
| 041 | 0 | |a slo | |
| 044 | |a xo | ||
| 100 | 1 | |a Konkoly, Dušan, |d 1990- |4 aut |u J |T SjF Strojnícka fakulta |X 43798 |U J |Y 20 |7 A000043798 | |
| 242 | 0 | 0 | |a Increasing vertical force on wheels with aerodynamic influence of vehicle |y eng |
| 245 | 1 | |a Zvyšovanie zvislej sily na kolesách vplyvom aerodynamiky vozidla | |
| 260 | |a Bratislava : |b STU v Bratislave SjF, |c 2013 | ||
| 650 | 7 | |a automobily, lode a spaľovacie motory |2 stusub | |
| 650 | 7 | |a Automobiles, Ships and Combustion Engines |2 estusub | |
| 650 | 7 | |a CFD |2 stusub | |
| 650 | 7 | |a CFD |2 estusub | |
| 650 | 7 | |a drag |2 estusub | |
| 650 | 7 | |a fluid dynamics |2 estusub | |
| 650 | 7 | |a wing |2 estusub | |
| 650 | 7 | |a odpor vzduchu |2 stusub | |
| 650 | 7 | |a CFD |2 stusub | |
| 650 | 7 | |a CFD |2 estusub | |
| 650 | 7 | |a mechanika tekutín |2 stusub | |
| 650 | 7 | |a krídlo |2 stusub | |
| 700 | 1 | |a Janikovič, Branislav, |d 1987- |4 ths |u J0030 |U SjF Strojnícka fakulta |T SjF Ústav dopravnej techniky a konštruovania |X 41025 |U J0030 |Y 806 |7 A000041025 | |
| 856 | 4 | |a info a plný text |u http://is.stuba.sk/zp/portal_zp.pl?podrobnosti=83277 |3 VAIS | |